000 00779nam a2200229Ii 4500
003 JO-AjNU
008 230605s9999||||xx |||||||||||||| ||und||
017 _a2000/15063
020 _a977-01-6945-5
040 _aJO-AjNU
_bara
_erda
_cJO-AjNU
041 _aara
050 1 4 _aPN1995.9.P6.A28 2000
100 3 _aتاليف أبوشادي،علي,
_eauthor
_910660
245 0 0 _aالسينما والسياسة
264 3 1 _aالقاهرة: مهرجان القراءة للجميع،2000
300 _a240ص
336 _atext
_btxt
_2rdacontent
337 _aunmediated
_bn
_2rdamedia
338 _avolume
_bnc
_2rdacarrier
490 0 _aمهرجان القراءة للجميع،2000 مكتبة الاسرة
650 4 _aالسينما والسياسة-السينما
_910661
999 _aA1920
_c5488
_d5488